Xã hội, lớp 5, kỳ 1(Sách dành cho Hs tiểu học)

Đã lưu trong:
Bibliografiske detaljer
Format: Bog
Tags: Tilføj Tag
Ingen Tags, Vær først til at tagge denne postø!
Thư viện lưu trữ: Mạng thư viện Đại học Đà Nẵng
LEADER 00435nam a22001691a 4500
001 000040086
003 16381
005 20160412022841.0
008 160412s0 000
082 |a 4N(07)1480-84 
245 |a Xã hội, lớp 5, kỳ 1(Sách dành cho Hs tiểu học) 
OWN |a LNN 
999 |a From the UDN01 
TYP |a Monograph 
980 |a Mạng thư viện Đại học Đà Nẵng